Vetranie a čiastočná klimatizácia administratívnych budov
Saved in:
| Main Author: | |
|---|---|
| Other Authors: | |
| Format: | Manuscript Book |
| Language: | Slovak |
| Published: |
2025
|
| Subjects: | |
| Online Access: | http://is.stuba.sk/zp/portal_zp.pl?podrobnosti=183899 CRZP |
| Tags: |
No Tags, Be the first to tag this record!
|
MARC
| LEADER | 00000ntm a22000003a 4500 | ||
|---|---|---|---|
| 001 | stuzp105620 | ||
| 003 | SK-STU | ||
| 005 | 20250801123906.5 | ||
| 007 | ta | ||
| 008 | 150427s2015----xo-----f-mn---000-0-slo-d | ||
| 040 | |a STU |b slo | ||
| 041 | 0 | |a slo | |
| 100 | 1 | |a Vrba, Jozef |u 010290 |4 aut |U SvF Stavebná fakulta |T SvF Katedra technických zariadení budov |X 97692 |U V290 |Y 31 |7 97692 | |
| 242 | 0 | 1 | |a Ventilation and partial air conditioning of administrative buildings |y eng |
| 245 | 1 | 0 | |a Vetranie a čiastočná klimatizácia administratívnych budov |
| 260 | |c 2025 | ||
| 650 | 4 | |a office building |2 eng | |
| 650 | 4 | |a air conditioning |2 eng | |
| 650 | 4 | |a ventilation |2 eng | |
| 650 | 4 | |a vetranie |2 slo | |
| 650 | 4 | |a klimatizácia |2 slo | |
| 650 | 4 | |a administratívna budova |2 slo | |
| 700 | 1 | |a Baloghová, Kristína |4 ths |X 32695 |7 A000032695 | |
| 856 | 4 | |u http://is.stuba.sk/zp/portal_zp.pl?podrobnosti=183899 | |
| 856 | 4 | |u https://opac.crzp.sk/?fn=detailBiblioForm&sid=809C367C54749DCAA145ACFF7E5A |z CRZP | |